<?xml version="1.0" encoding="UTF-8"?>
<record
    xmlns:xsi="http://www.w3.org/2001/XMLSchema-instance"
    xsi:schemaLocation="http://www.loc.gov/MARC21/slim http://www.loc.gov/standards/marcxml/schema/MARC21slim.xsd"
    xmlns="http://www.loc.gov/MARC21/slim">

  <leader>00570nam a22001577a 4500</leader>
  <controlfield tag="003">OSt</controlfield>
  <controlfield tag="005">20150914092204.0</controlfield>
  <controlfield tag="008">150914b        xxu||||| |||| 00| 0 eng d</controlfield>
  <datafield tag="040" ind1=" " ind2=" ">
    <subfield code="c">RUA</subfield>
  </datafield>
  <datafield tag="082" ind1=" " ind2=" ">
    <subfield code="a">AGR KAN 2000 B022 Or.1</subfield>
  </datafield>
  <datafield tag="100" ind1=" " ind2=" ">
    <subfield code="9">428</subfield>
    <subfield code="a">KANN, KHOM.</subfield>
  </datafield>
  <datafield tag="245" ind1=" " ind2=" ">
    <subfield code="a">&#x179F;&#x1798;&#x17B6;&#x1782;&#x1798;&#x179F;&#x1793;&#x17D2;&#x179F;&#x17C6; &#x1793;&#x17B7;&#x1784;&#x200B; &#x17A5;&#x1791;&#x17B6;&#x1793;&#x1791;&#x17B6;&#x1793;&#x1780;&#x17D2;&#x1793;&#x17BB;&#x1784;&#x179F;&#x17D2;&#x179A;&#x17BB;&#x1780;&#x179F;&#x17C6;&#x179A;&#x17C4;&#x1784;&#x1791;&#x1784; &#x1781;&#x17C1;&#x178F;&#x17D2;&#x178F;&#x1780;&#x17C6;&#x1796;&#x1784;&#x17CB;&#x179F;&#x17D2;&#x1796;&#x17BA; (saving and credit association in somrongtong district)</subfield>
  </datafield>
  <datafield tag="260" ind1=" " ind2=" ">
    <subfield code="a">Phnom Penh</subfield>
    <subfield code="b">RUA</subfield>
    <subfield code="c">2000</subfield>
  </datafield>
  <datafield tag="300" ind1=" " ind2=" ">
    <subfield code="a">32p.</subfield>
    <subfield code="b">ill.</subfield>
    <subfield code="c">29cm.</subfield>
  </datafield>
  <datafield tag="942" ind1=" " ind2=" ">
    <subfield code="2">ddc</subfield>
    <subfield code="c">AGR</subfield>
  </datafield>
  <datafield tag="999" ind1=" " ind2=" ">
    <subfield code="c">407</subfield>
    <subfield code="d">407</subfield>
  </datafield>
  <datafield tag="952" ind1=" " ind2=" ">
    <subfield code="0">0</subfield>
    <subfield code="1">0</subfield>
    <subfield code="2">ddc</subfield>
    <subfield code="4">0</subfield>
    <subfield code="6">AGR_KAN_2000_000000000000000_B022_OR_1</subfield>
    <subfield code="7">0</subfield>
    <subfield code="9">1862</subfield>
    <subfield code="a">LBB</subfield>
    <subfield code="b">LBB</subfield>
    <subfield code="c">B022</subfield>
    <subfield code="d">2015-09-14</subfield>
    <subfield code="o">AGR KAN 2000 B022 Or.1</subfield>
    <subfield code="p">RUA001942</subfield>
    <subfield code="r">2015-09-14</subfield>
    <subfield code="w">2015-09-14</subfield>
    <subfield code="y">AGR</subfield>
  </datafield>
  <datafield tag="952" ind1=" " ind2=" ">
    <subfield code="0">0</subfield>
    <subfield code="1">0</subfield>
    <subfield code="2">ddc</subfield>
    <subfield code="4">0</subfield>
    <subfield code="6">AGR_KAN_2000_000000000000000_B022_OR_2</subfield>
    <subfield code="7">0</subfield>
    <subfield code="9">1863</subfield>
    <subfield code="a">LBB</subfield>
    <subfield code="b">LBB</subfield>
    <subfield code="c">B022</subfield>
    <subfield code="d">2015-09-14</subfield>
    <subfield code="o">AGR KAN 2000 B022 Or.2</subfield>
    <subfield code="p">RUA001864</subfield>
    <subfield code="r">2015-09-14</subfield>
    <subfield code="w">2015-09-14</subfield>
    <subfield code="y">AGR</subfield>
  </datafield>
  <datafield tag="952" ind1=" " ind2=" ">
    <subfield code="0">0</subfield>
    <subfield code="1">0</subfield>
    <subfield code="2">ddc</subfield>
    <subfield code="4">0</subfield>
    <subfield code="6">AGR_KAN_2000_000000000000000_B022_OR_3</subfield>
    <subfield code="7">0</subfield>
    <subfield code="9">1864</subfield>
    <subfield code="a">LBB</subfield>
    <subfield code="b">LBB</subfield>
    <subfield code="c">B022</subfield>
    <subfield code="d">2015-09-14</subfield>
    <subfield code="o">AGR KAN 2000 B022 Or.3</subfield>
    <subfield code="p">RUA001792</subfield>
    <subfield code="r">2015-09-14</subfield>
    <subfield code="w">2015-09-14</subfield>
    <subfield code="y">AGR</subfield>
  </datafield>
  <datafield tag="952" ind1=" " ind2=" ">
    <subfield code="0">0</subfield>
    <subfield code="1">0</subfield>
    <subfield code="2">ddc</subfield>
    <subfield code="4">0</subfield>
    <subfield code="6">AGR_KAN_2000_000000000000000_B022_OR_4</subfield>
    <subfield code="7">0</subfield>
    <subfield code="9">1865</subfield>
    <subfield code="a">LBB</subfield>
    <subfield code="b">LBB</subfield>
    <subfield code="c">B022</subfield>
    <subfield code="d">2015-09-14</subfield>
    <subfield code="o">AGR KAN 2000 B022 Or.4</subfield>
    <subfield code="p">RUA001720</subfield>
    <subfield code="r">2015-09-14</subfield>
    <subfield code="w">2015-09-14</subfield>
    <subfield code="y">AGR</subfield>
  </datafield>
  <datafield tag="952" ind1=" " ind2=" ">
    <subfield code="0">0</subfield>
    <subfield code="1">0</subfield>
    <subfield code="2">ddc</subfield>
    <subfield code="4">0</subfield>
    <subfield code="6">AGR_KAN_2000_000000000000000_B022_OR_5</subfield>
    <subfield code="7">0</subfield>
    <subfield code="9">1866</subfield>
    <subfield code="a">LBB</subfield>
    <subfield code="b">LBB</subfield>
    <subfield code="c">B022</subfield>
    <subfield code="d">2015-09-14</subfield>
    <subfield code="o">AGR KAN 2000 B022 Or.5</subfield>
    <subfield code="p">RUA001648</subfield>
    <subfield code="r">2015-09-14</subfield>
    <subfield code="w">2015-09-14</subfield>
    <subfield code="y">AGR</subfield>
  </datafield>
  <datafield tag="952" ind1=" " ind2=" ">
    <subfield code="0">0</subfield>
    <subfield code="1">0</subfield>
    <subfield code="2">ddc</subfield>
    <subfield code="4">0</subfield>
    <subfield code="6">AGR_KAN_2000_000000000000000_B022_OR_6</subfield>
    <subfield code="7">0</subfield>
    <subfield code="9">1867</subfield>
    <subfield code="a">LBB</subfield>
    <subfield code="b">LBB</subfield>
    <subfield code="c">B022</subfield>
    <subfield code="d">2015-09-14</subfield>
    <subfield code="o">AGR KAN 2000 B022 Or.6</subfield>
    <subfield code="p">RUA001858</subfield>
    <subfield code="r">2015-09-14</subfield>
    <subfield code="w">2015-09-14</subfield>
    <subfield code="y">AGR</subfield>
  </datafield>
  <datafield tag="952" ind1=" " ind2=" ">
    <subfield code="0">0</subfield>
    <subfield code="1">0</subfield>
    <subfield code="2">ddc</subfield>
    <subfield code="4">0</subfield>
    <subfield code="6">AGR_KAN_2000_000000000000000_B022_OR_7</subfield>
    <subfield code="7">0</subfield>
    <subfield code="9">1868</subfield>
    <subfield code="a">LBB</subfield>
    <subfield code="b">LBB</subfield>
    <subfield code="c">B022</subfield>
    <subfield code="d">2015-09-14</subfield>
    <subfield code="o">AGR KAN 2000 B022 Or.7</subfield>
    <subfield code="p">RUA001786</subfield>
    <subfield code="r">2015-09-14</subfield>
    <subfield code="w">2015-09-14</subfield>
    <subfield code="y">AGR</subfield>
  </datafield>
  <datafield tag="952" ind1=" " ind2=" ">
    <subfield code="0">0</subfield>
    <subfield code="1">0</subfield>
    <subfield code="2">ddc</subfield>
    <subfield code="4">0</subfield>
    <subfield code="6">AGR_KAN_2000_000000000000000_B022_OR_8</subfield>
    <subfield code="7">0</subfield>
    <subfield code="9">1869</subfield>
    <subfield code="a">LBB</subfield>
    <subfield code="b">LBB</subfield>
    <subfield code="c">B022</subfield>
    <subfield code="d">2015-09-14</subfield>
    <subfield code="o">AGR KAN 2000 B022 Or.8</subfield>
    <subfield code="p">RUA001996</subfield>
    <subfield code="r">2015-09-14</subfield>
    <subfield code="w">2015-09-14</subfield>
    <subfield code="y">AGR</subfield>
  </datafield>
  <datafield tag="952" ind1=" " ind2=" ">
    <subfield code="0">0</subfield>
    <subfield code="1">0</subfield>
    <subfield code="2">ddc</subfield>
    <subfield code="4">0</subfield>
    <subfield code="6">AGR_KAN_2000_000000000000000_B022_OR_9</subfield>
    <subfield code="7">0</subfield>
    <subfield code="9">1870</subfield>
    <subfield code="a">LBB</subfield>
    <subfield code="b">LBB</subfield>
    <subfield code="c">B022</subfield>
    <subfield code="d">2015-09-14</subfield>
    <subfield code="o">AGR KAN 2000 B022 Or.9</subfield>
    <subfield code="p">RUA001780</subfield>
    <subfield code="r">2015-09-14</subfield>
    <subfield code="w">2015-09-14</subfield>
    <subfield code="y">AGR</subfield>
  </datafield>
  <datafield tag="952" ind1=" " ind2=" ">
    <subfield code="0">0</subfield>
    <subfield code="1">0</subfield>
    <subfield code="2">ddc</subfield>
    <subfield code="4">0</subfield>
    <subfield code="6">AGR_KAN_2000_000000000000000_B022_OR_10</subfield>
    <subfield code="7">0</subfield>
    <subfield code="9">1871</subfield>
    <subfield code="a">LBB</subfield>
    <subfield code="b">LBB</subfield>
    <subfield code="c">B022</subfield>
    <subfield code="d">2015-09-14</subfield>
    <subfield code="o">AGR KAN 2000 B022 Or.10</subfield>
    <subfield code="p">RUA001852</subfield>
    <subfield code="r">2015-09-14</subfield>
    <subfield code="w">2015-09-14</subfield>
    <subfield code="y">AGR</subfield>
  </datafield>
  <datafield tag="952" ind1=" " ind2=" ">
    <subfield code="0">0</subfield>
    <subfield code="1">0</subfield>
    <subfield code="2">ddc</subfield>
    <subfield code="4">0</subfield>
    <subfield code="6">AGR_KAN_2000_000000000000000_B022_OR_11</subfield>
    <subfield code="7">0</subfield>
    <subfield code="9">45908</subfield>
    <subfield code="a">LBB</subfield>
    <subfield code="b">LBB</subfield>
    <subfield code="d">2016-06-15</subfield>
    <subfield code="o">AGR KAN 2000 B022 Or.11</subfield>
    <subfield code="p">RUA057487</subfield>
    <subfield code="r">2016-06-15</subfield>
    <subfield code="w">2016-06-15</subfield>
    <subfield code="y">AGR</subfield>
  </datafield>
  <datafield tag="952" ind1=" " ind2=" ">
    <subfield code="0">0</subfield>
    <subfield code="1">0</subfield>
    <subfield code="2">ddc</subfield>
    <subfield code="4">0</subfield>
    <subfield code="6">AGR_KAN_2000_000000000000000_B022_OR_12</subfield>
    <subfield code="7">0</subfield>
    <subfield code="9">48806</subfield>
    <subfield code="a">LBB</subfield>
    <subfield code="b">LBB</subfield>
    <subfield code="d">2016-08-05</subfield>
    <subfield code="o">AGR KAN 2000 B022 Or.12</subfield>
    <subfield code="p">RUA060218</subfield>
    <subfield code="r">2016-08-05</subfield>
    <subfield code="w">2016-08-05</subfield>
    <subfield code="y">AGR</subfield>
  </datafield>
</record>
